[Event "Helsingor Xtracon op"]
[Site "Helsingor"]
[Date "2018.07.28"]
[Round "9"]
[White "Hakansson, Stefan"]
[Black "Satre, Roger"]
[Result "1-0"]
[WhiteElo "2019"]
[BlackElo "1834"]
[PlyCount "68"]
[EventDate "2018.07.21"]
[EventType "swiss"]
[EventRounds "10"]
[EventCountry "DEN"]
[SourceTitle "CBM 185 Extra"]
[Source "ChessBase"]
[SourceDate "2018.07.29"]
[SourceVersion "1"]
[SourceVersionDate "2018.07.29"]
[SourceQuality "1"]

1. d4 e6 2. Nf3 Nf6 3. Bf4 d5 4. e3 c5 5. c3 Nc6 6. Nbd2 Bd6 7. Bg3 0-0 8. Bd3 h6 9. Ne5 Qc7 10. f4 Ne7 11. Bh4 Nh7 12. g4 f5 13. Rg1 Bxe5 14. fxe5 Ng6 15. Bf2 Qf7 16. gxf5 exf5 17. Qh5 Nxe5 18. Qxf7+ Nxf7 19. dxc5 Nhg5 20. Bf1 Ne5 21. 0-0-0 Ng4 22. Bg3 Nxe3 23. Re1 Nxf1 24. Rgxf1 Ne4 25. Be5 Nxc5 26. Kc2 Ne4 27. Nf3 b6 28. Nd4 Bd7 29. Nf3 Rae8 30. Bd4 Bc8 31. Rg1 Kh7 32. Rxg7+ Kh8 33. Rxa7+ Nf6 34. Bxf6+ Rxf6 1-0

[Event "Helsingor Xtracon op"]
[Site "Helsingor"]
[Date "2017.07.29"]
[Round "9"]
[White "Nielsen, Thomas Bach"]
[Black "Hakansson, Stefan"]
[Result "1/2-1/2"]
[WhiteElo "2144"]
[BlackElo "1976"]
[PlyCount "30"]
[EventDate "2017.07.22"]
[EventType "swiss"]
[EventRounds "10"]
[EventCountry "DEN"]
[SourceTitle "CBM 179 Extra"]
[Source "ChessBase"]
[SourceDate "2017.08.23"]
[SourceVersion "1"]
[SourceVersionDate "2017.08.23"]
[SourceQuality "1"]

1. f4 d5 2. Nf3 Bg4 3. e3 Nd7 4. h3 Bxf3 5. Qxf3 Ngf6 6. g4 e6 7. g5 Ne4 8. d3 Nd6 9. e4 c6 10. Bg2 h6 11. h4 hxg5 12. hxg5 Rxh1+ 13. Bxh1 Qb6 14. Nd2 0-0-0 15. Qf2 Qxf2+ 1/2-1/2

[Event "Helsingor Xtracon op"]
[Site "Helsingor"]
[Date "2017.07.23"]
[Round "2"]
[White "Hakansson, Stefan"]
[Black "Heimisson, Hilmir Freyr"]
[Result "1/2-1/2"]
[WhiteElo "1976"]
[BlackElo "2215"]
[PlyCount "68"]
[EventDate "2017.07.22"]
[EventType "swiss"]
[EventRounds "10"]
[EventCountry "DEN"]
[SourceTitle "CBM 179 Extra"]
[Source "ChessBase"]
[SourceDate "2017.08.23"]
[SourceVersion "1"]
[SourceVersionDate "2017.08.23"]
[SourceQuality "1"]

1. d4 Nf6 2. Nf3 e6 3. Bf4 c5 4. e3 b6 5. Bd3 Bb7 6. Nbd2 Be7 7. h3 d5 8. c3 Nbd7 9. Qb1 c4 10. Bc2 b5 11. 0-0 a5 12. Ne5 Nxe5 13. Bxe5 Bd6 14. f4 Qb6 15. e4 dxe4 16. Nxe4 Be7 17. Bxf6 gxf6 18. Nd2 e5 19. fxe5 fxe5 20. Nf3 Bxf3 21. Rxf3 exd4 22. cxd4 Qxd4+ 23. Kh1 Rd8 24. Bxh7 Bf6 25. Qf5 Qe5 26. Qxf6 Qxf6 27. Rxf6 Rxh7 28. Re1+ Kf8 29. Rf5 b4 30. Rxa5 Rd2 31. Rc5 Rh4 32. Rc1 b3 33. axb3 cxb3 34. Rb5 Rxb2 1/2-1/2

[Event "Lund Lask op"]
[Site "Lund"]
[Date "2016.11.15"]
[Round "5"]
[White "Hakansson, Stefan"]
[Black "Eriksson, Karl"]
[Result "0-1"]
[WhiteElo "1990"]
[BlackElo "1497"]
[PlyCount "70"]
[EventDate "2016.10.04"]
[EventType "swiss"]
[EventRounds "7"]
[EventCountry "SWE"]
[SourceTitle "EXT 2019"]
[Source "ChessBase"]
[SourceDate "2018.10.10"]
[SourceVersion "1"]
[SourceVersionDate "2018.10.10"]
[SourceQuality "1"]

1. d4 Nf6 2. Bg5 e6 3. e4 h6 4. Bxf6 Qxf6 5. Nc3 Bb4 6. Qd2 c5 7. a3 cxd4 8. axb4 dxc3 9. bxc3 Nc6 10. Ra3 0-0 11. f4 b6 12. Nf3 Bb7 13. Bd3 d6 14. 0-0 e5 15. f5 a6 16. c4 a5 17. b5 Nd4 18. Ne1 a4 19. Nf3 Ra7 20. Qe3 Rc8 21. Nd2 Rca8 22. Rfa1 Ra5 23. Rb1 Qg5 24. Qf2 Qf4 25. Qxf4 exf4 26. Kf2 g6 27. c3 Nb3 28. Nxb3 axb3 29. Raxb3 gxf5 30. exf5 Kg7 31. Be2 Kf6 32. Rd1 Ke5 33. Bf3 Ra2+ 34. Be2 Rg8 35. Rg1 f3 0-1

[Event "Deltalift op"]
[Site "Tylosand"]
[Date "2016.05.06"]
[Round "6"]
[White "Karlsson, Jorgen"]
[Black "Hakansson, Stefan"]
[Result "1-0"]
[WhiteElo "2170"]
[BlackElo "1997"]
[PlyCount "74"]
[EventDate "2016.05.05"]
[EventType "swiss"]
[EventRounds "8"]
[EventCountry "SWE"]
[SourceTitle "CBM 172 Extra"]
[Source "ChessBase"]
[SourceDate "2016.06.21"]
[SourceVersion "1"]
[SourceVersionDate "2016.06.21"]
[SourceQuality "1"]

1. e4 c5 2. Nf3 Nc6 3. g3 g6 4. Bg2 Bg7 5. 0-0 d6 6. c3 Nf6 7. Re1 Bg4 8. h3 Bxf3 9. Bxf3 Ne5 10. Be2 0-0 11. f4 Nc6 12. Bf3 e5 13. d3 d5 14. Nd2 Qd7 15. Kg2 Rad8 16. Qa4 Qc7 17. Nb3 dxe4 18. dxe4 Nd7 19. Qc4 Na5 20. Nxa5 Qxa5 21. a4 Qc7 22. a5 Kh8 23. f5 Nb8 24. Be3 Rc8 25. Red1 Rfd8 26. fxg6 fxg6 27. Bg4 Rxd1 28. Rxd1 Rd8 29. Qxc5 Nc6 30. b4 h5 31. Be2 Rxd1 32. Bxd1 Qf7 33. Qd5 Qe7 34. Bb3 Qe8 35. Qf7 Qxf7 36. Bxf7 Kh7 37. b5 Nd8 1-0

[Event "Deltalift op"]
[Site "Tylosand"]
[Date "2016.05.06"]
[Round "5"]
[White "Neretljak, Nedzad"]
[Black "Hakansson, Stefan"]
[Result "0-1"]
[WhiteElo "2055"]
[BlackElo "1997"]
[PlyCount "68"]
[EventDate "2016.05.05"]
[EventType "swiss"]
[EventRounds "8"]
[EventCountry "SWE"]
[SourceTitle "CBM 172 Extra"]
[Source "ChessBase"]
[SourceDate "2016.06.21"]
[SourceVersion "1"]
[SourceVersionDate "2016.06.21"]
[SourceQuality "1"]

1. e4 c5 2. d4 cxd4 3. Bc4 e6 4. Qe2 Nc6 5. Nf3 d6 6. 0-0 Nf6 7. c3 dxc3 8. Nxc3 Be7 9. Rd1 Bd7 10. Bg5 a6 11. Bxf6 gxf6 12. Nh4 Ne5 13. Bb3 0-0 14. Qh5 Kh8 15. Nf5 exf5 16. exf5 Rg8 17. h4 Bc6 18. Bd5 Rg7 19. Rd2 Qa5 20. f4 Qc5+ 21. Kh1 Qe3 22. fxe5 Qxd2 23. Qf3 dxe5 24. Bxc6 bxc6 25. Rd1 Qh6 26. g3 Rag8 27. Ne4 Rg4 28. Kh2 Rxh4+ 29. Kg2 Rh2+ 30. Kg1 Rxb2 31. Re1 Qh3 32. Rc1 Qh6 33. Rxc6 Qh2+ 34. Kf1 Rb1+ 0-1